100 Greatest Metal Albums of All Time - Statistics

General Stats
  • This quiz has been taken 884 times
  • The average score is 28 of 100
Answer Stats
Rank Artist Album % Correct
2. 1986 Metallica Master of Puppets
94%
1. 1970 Black Sabbath Paranoid
89%
5. 1970 Black Sabbath Black Sabbath
88%
11. 1984 Metallica Ride the Lightning
81%
25. 1991 Metallica Metallica
78%
4. 1982 Iron Maiden The Number of the Beast
77%
6. 1986 Slayer Reign in Blood
73%
21. 1988 Metallica ...And Justice for All
71%
35. 1983 Metallica Kill 'Em All
70%
8. 1986 Megadeth Peace Sells... but Who's Buying?
68%
19. 1990 Megadeth Rust in Peace
67%
3. 1980 Judas Priest British Steel
66%
10. 1992 Pantera Vulgar Display of Power
66%
27. 2001 System of a Down Toxicity
61%
13. 1980 Iron Maiden Iron Maiden
60%
16. 1983 Dio Holy Diver
59%
38. 1984 Iron Maiden Powerslave
53%
34. 1971 Black Sabbath Master of Reality
52%
9. 1980 Ozzy Osbourne Blizzard of Ozz
50%
50. 2001 Slipknot Iowa
49%
24. 1992 Rage Against the Machine Rage Against the Machine
48%
30. 1994 Korn Korn
47%
26. 1992 Alice in Chains Dirt
46%
47. 1988 Slayer South of Heaven
44%
37. 1980 Black Sabbath Heaven and Hell
43%
31. 1990 Slayer Seasons in the Abyss
42%
14. 1972 Black Sabbath Vol. 4
40%
33. 1992 Megadeth Countdown to Extinction
38%
12. 1982 Judas Priest Screaming for Vengeance
38%
20. 1987 Anthrax Among the Living
37%
15. 1981 Ozzy Osbourne Diary of a Madman
36%
39. 1994 Pantera Far Beyond Driven
36%
29. 1993 Sepultura Chaos A.D.
32%
18. 1996 Tool Ænima
31%
32. 1975 Black Sabbath Sabotage
30%
23. 1988 Danzig Danzig
29%
44. 1983 Mötley Crüe Shout at the Devil
29%
45. 1985 Exodus Bonded by Blood
28%
55. 2001 Opeth Blackwater Park
27%
70. 1991 Death Human
27%
66. 2000 Deftones White Pony
27%
51. 1993 Carcass Heartwork
25%
46. 2004 Mastodon Leviathan
25%
63. 1989 Sodom Agent Orange
24%
17. 1983 Mercyful Fate Melissa
24%
67. 1988 Queensrÿche Operation: Mindcrime
23%
74. 1981 Venom Welcome to Hell
23%
52. 1983 Def Leppard Pyromania
22%
48. 1976 Rainbow Rising
22%
53. 1993 Type O Negative Bloody Kisses
20%
100. 2005 Avenged Sevenfold City of Evil
20%
97. 2005 Gojira From Mars to Sirius
20%
95. 1992 Dream Theater Images and Words
20%
22. 1981 Mötley Crüe Too Fast for Love
19%
40. 1994 Mayhem De Mysteriis Dom Sathanas
18%
43. 1978 Judas Priest Stained Class
18%
65. 1992 Faith No More Angel Dust
17%
79. 1995 At the Gates Slaughter of the Soul
16%
82. 1990 Entombed Left Hand Path
15%
99. 2003 Evanescence Fallen
13%
76. 1984 Twisted Sister Stay Hungry
13%
73. 1982 Scorpions Blackout
12%
90. 1992 Body Count Body Count
12%
42. 1980 Diamond Head Lightning to the Nations
12%
28. 1984 Celtic Frost Morbid Tales
12%
7. 1984 Motörhead No Remorse
12%
36. 1980 Van Halen Women and Children First
12%
61. 2001 Converge Jane Doe
11%
85. 1994 Darkthrone Transilvanian Hunger
11%
75. 1993 Morbid Angel Covenant
10%
94. 2013 Deafheaven Sunbather
9%
57. 1997 Emperor Anthems to the Welkin at Dusk
8%
41. 1992 Kyuss Blues for the Red Sun
8%
69. 1989 Soundgarden Louder Than Love
8%
89. 2004 Nightwish Once
8%
81. 1987 Bathory Under the Sign of the Black Mark
8%
86. 2003 Lamb of God As the Palaces Burn
7%
56. 1999 The Dillinger Escape Plan Calculating Infinity
7%
59. 1988 Napalm Death From Enslavement to Obliteration
7%
87. 1984 Manowar Hail to England
7%
54. 1992 Helmet Meantime
7%
77. 1995 Meshuggah Destroy Erase Improve
6%
62. 1999 Sleep Jerusalem
6%
80. 1992 Ministry Psalm 69: The Way to Succeed and the Way to Suck Eggs
6%
64. 1989 Godflesh Streetcleaner
6%
78. 1988 Voivod Dimension Hatröss
5%
93. 1992 White Zombie La Sexorcisto: Devil Music Volume One
5%
68. 1994 Marilyn Manson Portrait of an American Family
5%
49. 1996 Neurosis Through Silver in Blood
5%
71. 1988 Living Colour Vivid
5%
58. 1993 Life of Agony River Runs Red
4%
88. 2004 Pig Destroyer Terrifyer
4%
83. 2007 Baroness The Red Album
4%
60. 1991 Melvins Bullhead
3%
72. 2002 Isis Oceanic
3%
92. 1993 Eyehategod Take as Needed for Pain
3%
84. 2005 High on Fire Blessed Black Wings
2%
96. 2013 Kvelertak Meir
2%
98. 2009 Sunn O))) Monoliths & Dimensions
2%
91. 1990 Naked City Torture Garden
1%
No matching quizzes found
Score Distribution
Percent of People with Each Score
Percentile by Number Answered
Your Score History
You have not taken this quiz